Strategic Planing Formulations of Corporate Strategy:text and cases (Record no. 1514)

MARC details
000 -LEADER
fixed length control field 00481nam a22001697a 4500
005 - DATE AND TIME OF LATEST TRANSACTION
control field 20180820144736.0
008 - FIXED-LENGTH DATA ELEMENTS--GENERAL INFORMATION
fixed length control field 160524b xxu||||| |||| 00| 0 eng d
020 ## - INTERNATIONAL STANDARD BOOK NUMBER
ISBN 0333-93245-5
041 ## - LANGUAGE CODE
Language code of text/sound track or separate title eng
082 ## - DEWEY DECIMAL CLASSIFICATION NUMBER
Item number 4507
Classification number 658.4012
100 ## - MAIN ENTRY--AUTHOR NAME
Personal name Ramaswamy, V.S. & Namakumar , S.
245 ## - TITLE STATEMENT
Title Strategic Planing Formulations of Corporate Strategy:text and cases
260 ## - PUBLICATION, DISTRIBUTION, ETC. (IMPRINT)
Place of publication New Delhi
Name of publisher Academic Faundation
Year of publication 2001
300 ## - PHYSICAL DESCRIPTION
Number of Pages 448p,
650 ## - SUBJECT ADDED ENTRY--TOPICAL TERM
Topical Term Management
942 ## - ADDED ENTRY ELEMENTS (KOHA)
Koha item type Books
Holdings
Lost status Damaged status Collection code Home library Current library Shelving location Date acquired Cost, normal purchase price Full call number Accession Number Koha item type
    MANAGEMENT JRU Library JRU Library SHELF-64-L 24/05/2016 258.00 658.4012 4507 Books
    MANAGEMENT JRU Library JRU Library SHELF-64-L 24/05/2016 258.00 658.4012 4508 Books
    Reference JRU Library   SHELF-30-F 24/05/2016 258.00 658.4012 4509 Books
    MANAGEMENT JRU Library JRU Library SHELF-64-L 24/05/2016 258.00 658.4012 4510 Books
    MANAGEMENT JRU Library JRU Library SHELF-64-L 24/05/2016 258.00 658.4012 4511 Books
    MANAGEMENT JRU Library JRU Library SHELF-64-L 24/05/2016 258.00 658.4012 4512 Books